书目信息 |
| 题名: |
质量、环境、职业安全健康管理体系整合
|
|
| 作者: | 宋大成 , 谈文丰 , 梁永泰 编著 | |
| 分册: | ||
| 出版信息: | 北京 化学工业出版社 2006.06 |
|
| 页数: | 216页 | |
| 开本: | 24cm | |
| 丛书名: | 大成职业安全健康管理体系丛书 | |
| 单 册: | ||
| 中图分类: | X32 | |
| 科图分类: | ||
| 主题词: | 环境管理--huan jing guan li--体系--基本知识 , 劳动保护--lao dong bao hu--劳动管理--体系--基本知识 | |
| 电子资源: | ||
| ISBN: | 7-5025-8587-7 | |
| 000 | 01271nam 2200301 450 | |
| 001 | 012006793377 | |
| 005 | 20061128101404.73 | |
| 010 | @a7-5025-8587-7@dCNY30.00 | |
| 100 | @a20061029d2006 km y0chiy0120 ea | |
| 101 | 0 | @achi |
| 102 | @aCN@b110000 | |
| 105 | @ay a 000yy | |
| 200 | 1 | @a质量、环境、职业安全健康管理体系整合@Azhi liang、huan jing、zhi ye an quan jian kang guan li ti xi zheng he@e模式、方法、文件@f宋大成, 谈文丰, 梁永泰编著@Fsong da cheng,tan wen feng,liang yong tai bian zhu |
| 210 | @a北京@c化学工业出版社@d2006.06 | |
| 215 | @a216页@d24cm | |
| 225 | 2 | @a大成职业安全健康管理体系丛书@Ada cheng zhi ye an quan jian kang guan li ti xi cong shu |
| 320 | @a有书目 (第216页)。 | |
| 330 | @a本书主要内容介绍质量、环境、职业安全健康三个管理体系或两个管理体系整合的模式、方法和文件等相关方面的知识和内容。 | |
| 410 | 0 | @12001 @a大成职业安全健康管理体系丛书 |
| 517 | 1 | @a模式、方法、文件@Amo shi、fang fa、wen jian |
| 606 | 0 | @a环境管理@Ahuan jing guan li@x体系@x基本知识 |
| 606 | 0 | @a劳动保护@Alao dong bao hu@x劳动管理@x体系@x基本知识 |
| 690 | @aX32@v4 | |
| 701 | 0 | @a宋大成@Asong da cheng@4编著 |
| 701 | 0 | @a谈文丰@Atan wen feng@4编著 |
| 701 | 0 | @a梁永泰@Aliang yong tai@4编著 |
| 801 | 0 | @aCN@c20061128 |
| 905 | @a10447@dX32@eS760 | |
| 质量、环境、职业安全健康管理体系整合:模式、方法、文件/宋大成, 谈文丰, 梁永泰编著.-北京:化学工业出版社,2006.06 |
| 216页;24cm.-(大成职业安全健康管理体系丛书) |
| ISBN 7-5025-8587-7:CNY30.00 |
| 本书主要内容介绍质量、环境、职业安全健康三个管理体系或两个管理体系整合的模式、方法和文件等相关方面的知识和内容。 |
| ● |
| 相关链接 |
|
|
|
正题名:质量、环境、职业安全健康管理体系整合
索取号:X32/S760
 
预约/预借
| 序号 | 登录号 | 条形码 | 馆藏地/架位号 | 状态 | 备注 |
| 1 | 224821 | 202248219 | 自科二线400A/400A自科库 35排2列3层/ [索取号:X32/S760] | 在馆 | |
| 2 | 224822 | 202248228 | 自科库501/501自科库 65排6列3层/ [索取号:X32/S760] | 在馆 | |
| 3 | 224823 | 202248237 | 自科库501/501自科库 65排6列3层/ [索取号:X32/S760] | 在馆 |